| 000 | 00537nam a2200217Ia 4500 | ||
|---|---|---|---|
| 003 | 0100 | ||
| 008 | 130227s9999 xx 000 0 und d | ||
| 040 | _cARRUPELIB | ||
| 050 | _aBS2440.K7 | ||
| 100 | _aKraeling, Emil Gottlieb Heinrich | ||
| 245 | 4 | _aThe Disciples | |
| 260 | _aChicago | ||
| 260 | _bRand McNally | ||
| 260 | _C1966 | ||
| 300 | _a301p | ||
| 300 | _b 21cm | ||
| 650 | _bReligion--Philosophy--Addresses | ||
| 650 | _cPsychical research--Addresses | ||
| 650 | _dExperience (Religion)--Addresses | ||
| 942 |
_2lcc _03 |
||
| 999 |
_c486 _d486 |
||